A handbook of plant biosynthetic pathways / (Record no. 37325)

MARC details
000 -LEADER
fixed length control field 00921nam a22002417a 4500
005 - DATE AND TIME OF LATEST TRANSACTION
control field 20100723111231.0
010 ## - LCCN (DPL NO)
LC control number ENG-96590
020 ## - INTERNATIONAL STANDARD BOOK NUMBER
International Standard Book Number 8173815879
Terms of availability 295.00
020 ## - INTERNATIONAL STANDARD BOOK NUMBER
International Standard Book Number 9788173815874
Terms of availability 295.00
035 ## - SYSTEM CONTROL NUMBER
System control number EN-80123
037 ## - SOURCE OF ACQUISITION
Source of stock number/acquisition DBAD/PUB
082 ## - DEWEY DECIMAL CLASSIFICATION NUMBER
Classification number 581.1929
100 ## - MAIN ENTRY--PERSONAL NAME
Personal name Chaudhuri, Debabrata
245 ## - TITLE STATEMENT
Title A handbook of plant biosynthetic pathways /
Statement of responsibility, etc by Debabrata Chaudhuri, Dipak Kumar Kar [and] Soma Halder
260 ## - PUBLICATION, DISTRIBUTION, ETC. (IMPRINT)
Place of publication, distribution, etc Kolkata
Name of publisher, distributor, etc New Central Book Agency
Date of publication, distribution, etc 2008
270 ## - ADDRESS
Address 81/Chintamoni Das Lane
City Kolkata
Postal code 700009
300 ## - PHYSICAL DESCRIPTION
Extent viii, 347p.:
Other physical details ill.
Dimensions 24cm.(pbk)
500 ## - GENERAL NOTE
General note Includes bibliographical refereces
700 ## - ADDED ENTRY--PERSONAL NAME
Personal name Kar, Dipak Kumar
9 (RLIN) 906
700 ## - ADDED ENTRY--PERSONAL NAME
Personal name Halder, Soma
9 (RLIN) 907
942 ## - ADDED ENTRY ELEMENTS (KOHA)
Source of classification or shelving scheme Dewey Decimal Classification
Item type English Books
Classification part 581.1929
Call number suffix CHA
Holdings
Withdrawn status Lost status Not for loan Collection code Home library Current library Date acquired Source of acquisition Cost, normal purchase price Full call number Barcode Copy number Cost, replacement price Koha item type
    Not For Loan Non-fiction D.B.Act.Division D.B.Act.Division 23/07/2010 DBAD/PUB 295.00 581.1929 CHA EN-80123 1 295.00 English Books

© Delhi Public Library
Hit Counter
free hit counter